| 000 | 00976cad a22002055a 4500 | ||
|---|---|---|---|
| 001 | E152746 | ||
| 008 | 110419s2010 xxk f 000 0 eng d | ||
| 035 | _a(Sirsi) u152746 | ||
| 041 | 0 | _aeng | |
| 110 | 2 |
_aMcGrigors _95941 |
|
| 245 | 0 | 0 |
_aProperty litigation mini guide _bservice charges _h[electronic resource] |
| 260 |
_a[Scotland] _bMcGrigors _c2010 |
||
| 490 | 0 |
_aMcGrigors Property Litigation Mini Guide _v(12) December 2010 |
|
| 520 | _aLooks at issues that can arise in relation to service charges, and suggests possible solutions. Topics covered include scope of the service charge, sweeper clauses, test of reasonableness, advertising expenses and management fees. | ||
| 590 | _aKA | ||
| 651 | 4 |
_aScotland _y1999- |
|
| 690 | _aPROPERTY-LEASEHOLD PROPERTY-LANDLORD AND TENANT-SERVICE CHARGES | ||
| 856 | 4 | 0 |
_uhttps://www.mcgrigors.com/pdfdocs/MiniGuide-PropertyLitigation-12-Sevice-Charges.pdf _zView the mini guide free of charge at www.mcgrigors.com |
| 942 | _n0 | ||
| 999 |
_c112194 _d112194 |
||